| 000 | 01068nam a2200289Ia 4500 | ||
|---|---|---|---|
| 003 | OSt | ||
| 005 | 20210326144633.0 | ||
| 008 | 191128t1986 ck a gr 000 0 spa d | ||
| 020 | _a8471788047 (obra completa) | ||
| 020 | _a8471788055 (tomo 1) | ||
| 020 | _a8471788063 (tomo 2) | ||
| 020 | _a8471788071 (tomo 3) | ||
| 020 | _a847178808X (tomo 4) | ||
| 020 | _a8471788098 (tomo 5) | ||
| 020 | _a9589120083 (tomo 6) | ||
| 040 |
_aCO-JMCR _cCO-JMCR |
||
| 041 | _aspa | ||
| 082 | 0 | 4 |
_aR / _b030 / G748g _223 |
| 100 |
_aDiorki, _eautor _910379 |
||
| 245 | 1 | 0 |
_aGran diccionario enciclopédico universal / _cDiorki |
| 260 |
_a[Bogotá] : _bProlibros, _c©1986 |
||
| 300 |
_a6 volúmenes : _bIlustraciones, mapas, fotografías ; _c24 cm. |
||
| 505 |
_gv.1 / _tA - Col. -- _gv.2 / _tCol - hyp. -- _gv.3 / _tI - pre. / _gv.4 / _tpre - Zz. -- _gv.5 / _tDiccionario Inglés / Español _gv.6 / _tColombia. -- Consultor mundial. -- Atlas universal. |
||
| 650 | 1 | 4 |
_aEnciclopedias y diccionarios _92047 |
| 700 |
_aDíez Ortells, Juan _910380 _deditor |
||
| 942 |
_2ddc _cBK |
||
| 999 |
_c4412 _d4412 |
||